000 01399nam a2200289 a 4500
001 000038569
005 20250607073643.0
008 090909s2004 dr a 000 0 spa d
020 _a999342370x
040 _aDO-SdBNP
_bspa
_cBNPHU
082 _a362.1097293
_bC761u, 2004
100 1 _aConte, Adriana del
_920951
245 1 0 _aUna reforma para estar en salud :
_bclaves para profesionales del sector sanitario /
_cprólogo Antonio Sánchez Sánchez.
250 _a2a. ed.
260 _aSanto Domingo :
_b(SESPAS)
_bPrograma de Reforzamiento del Sistema de Salud,
_c2004.
500 _aIncluye índice
505 0 _tY por qué meternos en Reforma? --
_tRepública Dominicana tiene sus propios porqués --
_tLa reforma dominicana en los papeles --
_tHacia una nueva SESPAS --
_tReorganizar los servicios de atención a las personas --
_tQué va a pasar con los trabajadores de la salud? --
590 _aInventariado, 2018/ YL
650 4 _aSalud pública
_zRepública Dominicana
_92078
650 4 _aPlanificación estratégica
_92433
651 4 _aRepública Dominicana
_xCondiciones Sociales
_946
650 4 _aServicios de salud
_913995
650 0 _aAtención médica
_914447
700 1 _aSánchez Sánchez, Antonio
_epról.
_920953
710 1 _aRepública Dominicana.
_b Secretaria de Estado de Salud Pública y Asistencia Social (2001)
_956549
910 _aValidado. Control de calidad MFF
999 _c38059
_d38059